Milk marketing and the EC Commission (Record no. 36174)

MARC details
000 -LEADER
fixed length control field 00906cab a2200265 4500
001 - CONTROL NUMBER
control field ABS46662
008 - FIXED-LENGTH DATA ELEMENTS--GENERAL INFORMATION
fixed length control field 090401t1992 xxu||||| |||| 00| 0 eng d
035 ## - SYSTEM CONTROL NUMBER
System control number (Sirsi) u59062
041 ## - LANGUAGE CODE
Language code of text/sound track or separate title eng
100 ## - MAIN ENTRY--PERSONAL NAME
Personal name Rawstone, M.G.
245 ## - TITLE STATEMENT
Title Milk marketing and the EC Commission
260 ## - PUBLICATION, DISTRIBUTION, ETC.
Date of publication, distribution, etc. 1992
350 ## - PRICE (NR) (BK AM CF MU VM SE) [OBSOLETE]
Price 0
490 ## - SERIES STATEMENT
Series statement Law Society`s Gazette
Volume/sequential designation 89(22) 10 June 1992, 26-28(3)
520 ## - SUMMARY, ETC.
Summary, etc. Examines the background to current action by the European Commission against the Milk Marketing Board`s alleged extension of its powers by including within its purchasing monopoly low fat milks processed by dairy farms or on their behalf by a dairy.
650 ## - SUBJECT ADDED ENTRY--TOPICAL TERM
Topical term or geographic name entry element AGRICULTURAL MARKETING ACT 1933
650 ## - SUBJECT ADDED ENTRY--TOPICAL TERM
Topical term or geographic name entry element CRICKET ST THOMAS CASE
650 ## - SUBJECT ADDED ENTRY--TOPICAL TERM
Topical term or geographic name entry element DAIRY FARMS
650 ## - SUBJECT ADDED ENTRY--TOPICAL TERM
Topical term or geographic name entry element EC REGULATIONS
650 ## - SUBJECT ADDED ENTRY--TOPICAL TERM
Topical term or geographic name entry element EC
650 ## - SUBJECT ADDED ENTRY--TOPICAL TERM
Topical term or geographic name entry element MONOPOLIES
690 ## - LOCAL SUBJECT ADDED ENTRY--TOPICAL TERM (OCLC, RLIN)
Topical term or geographic name as entry element RURAL PRACTICE
942 ## - ADDED ENTRY ELEMENTS (KOHA)
Suppress in OPAC 0
948 ## - LOCAL PROCESSING INFORMATION (OCLC); SERIES PART DESIGNATOR (RLIN)
c (OCLC) 04/03/1997
Holdings
Withdrawn status Lost status Source of classification or shelving scheme Damaged status Not for loan Home library Current library Shelving location Date acquired Total Checkouts Full call number Barcode Date last seen Copy number Price effective from Koha item type
    Dewey Decimal Classification     London London Journal article 14/09/1999   ABS46662 59062-1001 06/08/2019 1 06/08/2019 Journal article